[Event "TUR-chT 2nd League"]
[Site "Denizli"]
[Date "2023.07.14"]
[Round "8.34"]
[White "Zuhre, Kayra"]
[Black "Yuksel, Atilla Koksal"]
[Result "0-1"]
[WhiteElo "1981"]
[BlackElo "2242"]
[PlyCount "64"]
[EventDate "2023.07.09"]
[EventType "team-swiss"]
[EventRounds "9"]
[EventCountry "TUR"]
[SourceTitle "CBM 215 Extra"]
[Source "ChessBase"]
[SourceDate "2023.09.30"]
[SourceVersion "1"]
[SourceVersionDate "2023.09.30"]
[SourceQuality "1"]
[WhiteTeam "Moda"]
[BlackTeam "Yildiz"]
[WhiteTeamCountry "TUR"]
[BlackTeamCountry "TUR"]

1. Nf3 d5 2. e3 Nf6 3. b3 e6 4. Bb2 Be7 5. Be2 0-0 6. 0-0 c5 7. Ne5 b6 8. f4 Bb7 9. Rf3 Nc6 10. Ba6 Qc7 11. Bxb7 Qxb7 12. Rg3 g6 13. d3 Rad8 14. Nd2 Ne8 15. Qh5 Ng7 16. Ng4 d4 17. Nh6+ Kh8 18. Qf3 Qd7 19. Ne4 f5 20. Ng5 Bxg5 21. Rxg5 e5 22. fxe5 Ne6 23. Rg3 Nxe5 24. Qe2 Rde8 25. Re1 f4 26. exf4 Nxf4 27. Qd2 Qg7 28. Ng4 Nxg4 29. Rxg4 Qf6 30. h3 Ne2+ 31. Kh2 Qe5+ 32. g3 Rf2+ 0-1

[Event "TUR-chT 1st League"]
[Site "Konya"]
[Date "2018.07.19"]
[Round "5.4"]
[White "Zuhre, Kayra"]
[Black "Saygili, Muhammet Sedat"]
[Result "1/2-1/2"]
[WhiteElo "1969"]
[BlackElo "1802"]
[PlyCount "102"]
[EventDate "2018.07.16"]
[EventType "team-swiss"]
[EventRounds "9"]
[EventCountry "TUR"]
[SourceTitle "EXT 2019"]
[Source "ChessBase"]
[SourceDate "2018.10.10"]
[SourceVersion "1"]
[SourceVersionDate "2018.10.10"]
[SourceQuality "1"]
[WhiteTeam "Salihli Sardes"]
[BlackTeam "Kahramanmaras CC"]
[WhiteTeamCountry "TUR"]
[BlackTeamCountry "TUR"]

1. e4 c6 2. d4 d5 3. f3 e6 4. Nc3 Nf6 5. Be3 Qb6 6. a3 Be7 7. Bd3 e5 8. Nge2 Be6 9. Qd2 exd4 10. Bxd4 Qd8 11. 0-0 dxe4 12. Nxe4 0-0 13. Ng5 Nbd7 14. Nxe6 fxe6 15. Nf4 Nc5 16. Bc4 Nd5 17. Bxd5 exd5 18. b4 Rxf4 19. Qxf4 Ne6 20. Qg4 Nxd4 21. Qxd4 Bf6 22. Qe3 Bxa1 23. Qe6+ Kf8 24. Rxa1 Qf6 25. Qxf6+ gxf6 26. Kf2 a5 27. Rc1 axb4 28. axb4 Ra2 29. Kg3 Kf7 30. c4 Ke6 31. cxd5+ Kxd5 32. Rc5+ Kd6 33. Rh5 Rb2 34. Rxh7 Rxb4 35. h4 c5 36. h5 c4 37. h6 Rb1 38. Rh8 Rh1 39. h7 Kc7 40. Rf8 Rxh7 41. Rxf6 b5 42. Kf2 Rd7 43. Re6 Rd2+ 44. Ke3 Rxg2 45. Kd4 Rg5 46. Kc3 Rf5 47. Kb4 Rxf3 48. Kxb5 c3 49. Rc6+ Kd7 50. Rc4 Kd6 51. Kb4 Kd5 1/2-1/2

[Event "TUR-chT2"]
[Site "Konya"]
[Date "2015.07.28"]
[Round "6.10"]
[White "Zuhre, Kayra"]
[Black "Tahaoglu, Ugur Barkin"]
[Result "1-0"]
[WhiteElo "2015"]
[BlackElo "1924"]
[PlyCount "32"]
[EventDate "2015.07.25"]
[EventType "team-swiss"]
[EventRounds "9"]
[EventCountry "TUR"]
[SourceTitle "CBM 167 Extra"]
[Source "ChessBase"]
[SourceDate "2015.09.14"]
[SourceVersion "1"]
[SourceVersionDate "2015.09.14"]
[SourceQuality "1"]
[WhiteTeam "Adana Dahi"]
[BlackTeam "Istanbul Dobruca"]
[WhiteTeamCountry "TUR"]
[BlackTeamCountry "TUR"]

1. e4 c5 2. d4 cxd4 3. c3 dxc3 4. Nxc3 Nc6 5. Nf3 e6 6. Bc4 a6 7. 0-0 Qc7 8. Qe2 Nge7 9. Bg5 f6 10. Be3 Ng6 11. Rac1 Be7 12. Rfd1 0-0 13. h4 Qa5 14. Nd5 Bd8 15. Rc3 exd5 16. Rxd5 Kh8 1-0

[Event "TUR-chT2"]
[Site "Konya"]
[Date "2015.07.26"]
[Round "3.9"]
[White "Zuhre, Kayra"]
[Black "Ererdem, Gani Eren"]
[Result "0-1"]
[WhiteElo "2015"]
[BlackElo "2164"]
[PlyCount "88"]
[EventDate "2015.07.25"]
[EventType "team-swiss"]
[EventRounds "9"]
[EventCountry "TUR"]
[SourceTitle "CBM 167 Extra"]
[Source "ChessBase"]
[SourceDate "2015.09.14"]
[SourceVersion "1"]
[SourceVersionDate "2015.09.14"]
[SourceQuality "1"]
[WhiteTeam "Adana Dahi"]
[BlackTeam "Karaman Belediye"]
[WhiteTeamCountry "TUR"]
[BlackTeamCountry "TUR"]

1. e4 e6 2. d3 d5 3. Nd2 Nf6 4. Ngf3 b6 5. g3 Bb7 6. e5 Nfd7 7. Bg2 c5 8. 0-0 Nc6 9. Re1 Qc7 10. Qe2 Be7 11. Nf1 h6 12. c3 g5 13. h3 0-0-0 14. Bd2 Rde8 15. b4 f6 16. bxc5 Nxc5 17. exf6 Bxf6 18. Ne3 Ba6 19. Qd1 Nxd3 20. Bf1 Qb7 21. Bxd3 Bxd3 22. Ng4 Bg7 23. Bxg5 Be4 24. Bd2 Rhf8 25. Nd4 h5 26. Ne3 h4 27. g4 Qf7 28. Qe2 Bxd4 29. cxd4 Bd3 30. Nf5 Bxe2 31. Nd6+ Kd7 32. Nxf7 Rxf7 33. Rxe2 Nxd4 34. Rae1 Nxe2+ 35. Rxe2 e5 36. Kg2 d4 37. Bg5 d3 38. Rd2 e4 39. Bxh4 Rc8 40. Bg5 Rc2 41. h4 Ke6 42. h5 Rg7 43. h6 Rxg5 44. h7 Rc8 0-1

[Event "TUR-chT2"]
[Site "Konya"]
[Date "2014.06.26"]
[Round "5.7"]
[White "Karagollu, Ahmet"]
[Black "Zuhre, Kayra"]
[Result "1-0"]
[WhiteElo "2084"]
[BlackElo "2034"]
[PlyCount "39"]
[EventDate "2014.06.23"]
[EventType "team-swiss"]
[EventRounds "9"]
[EventCountry "TUR"]
[SourceTitle "CBM 161 Extra"]
[Source "ChessBase"]
[SourceDate "2014.08.29"]
[SourceVersion "1"]
[SourceVersionDate "2014.08.29"]
[SourceQuality "1"]
[WhiteTeam "Tasduvar"]
[BlackTeam "Alapli"]
[WhiteTeamCountry "TUR"]
[BlackTeamCountry "TUR"]

1. e4 c5 2. Nf3 Nc6 3. b4 cxb4 4. d4 d5 5. exd5 Qxd5 6. c4 Qe4+ 7. Be3 e6 8. Bd3 Qg4 9. d5 exd5 10. cxd5 Nd8 11. 0-0 Bd6 12. Nbd2 f6 13. Nc4 Qd7 14. Rc1 Ne7 15. Re1 Kf7 16. Nxd6+ Qxd6 17. Bc5 Qd7 18. Rxe7+ Qxe7 19. Bxe7 Kxe7 20. d6+ 1-0